| 000 | 00601nam a22001817a 4500 | ||
|---|---|---|---|
| 003 | UA-OsUOA | ||
| 001 | 8505 | ||
| 007 | ta | ||
| 008 | 20040831b un ||||| |||| 00| 0 ukr d | ||
| 100 | _aЗагорій В. | ||
| 942 | _cSA | ||
| 040 |
_aUA-OsUOA _cUA-OsUOA _dUA-OsUOA |
||
| 245 | _a" Наша свічка горить... " : [ Міжнародний конкурс з української мови імені Петра Яцика ] | ||
| 300 | _aС.1,4 | ||
| 955 | _a0 | ||
| 773 | 0 |
_w0 _tЛітературна Украіна _dКиїв _d2004 _g№32 |
|
| 650 | 7 |
_aУкраїнська мова _2UDC |
|
| 999 |
_c294666 _d294666 |
||